• 首页
  • 本馆介绍
  • 公告通知
  • 最新文献
  • 馆藏检索
  • 电子资源
  • 读者导购
  • 参考咨询
  • 我的图书馆
  • 登录
  • 详细信息显示
  • 放入我的书架
  • 预约/预借图书
  • 作者相关作品
  • 分类相关作品
  • 丛书相关作品
  • 出版社相关作品

书目信息

  • 表格格式
  • 工作单格式
  • 卡片格式
题名:
汽车安全驾驶与驾考
    
 
作者: 张照运 , 王峰伟 , 张剑云 主编
分册:  
出版信息: 天津   天津科学技术出版社  2017
页数: 217页
开本: 29cm
丛书名:
单 册:
中图分类: U471.15
科图分类:
主题词: 汽车驾驶--安全技术--教材
电子资源:
ISBN: 978-7-5576-2489-7
000 00923nam0 2200265 450
001 012001000186
005 20131105141506.0
010    @a978-7-5576-2489-7@dCNY42.00
100    @a20181129d2017 em y0chiy50 ea
101 0  @achi
102    @aCN@b120000
105    @aa z 000yy
106    @ar
200 1  @a汽车安全驾驶与驾考@Aqi che an quan jia shi yu jia kao@f张照运,王峰伟,张剑云主编
210    @a天津@c天津科学技术出版社@d2017
215    @a217页@c彩图@d29cm
300    @a“十三五”规划创新型精品教材
330    @a本书主要讲解了“汽车概述”“道路交通安全法律、法规和相关知识”“基础和场地驾驶”“道路驾驶”和“安全文明驾驶常识”等内容。
606 0  @a汽车驾驶@x安全技术@j教材
690    @aU471.15@v5
701  0 @a张照运@Azhang zhao yun@4主编
701  0 @a王峰伟@Awang feng wei@4主编
701  0 @a张剑云@Azhang jian yun@4主编
801  0 @aCN@b北京卓展文化@c20191020
905    @b1195630-3@dU471.15@e830@f4
    
    汽车安全驾驶与驾考/张照运,王峰伟,张剑云主编.-天津:天津科学技术出版社,2017
    217页:彩图;29cm
    “十三五”规划创新型精品教材
    
    ISBN 978-7-5576-2489-7:CNY42.00
    本书主要讲解了“汽车概述”“道路交通安全法律、法规和相关知识”“基础和场地驾驶”“道路驾驶”和“安全文明驾驶常识”等内容。
●
相关链接 在E读中查询图书 在五车中查询图书 在当当中查询图书 在豆瓣中查询图书


正题名:汽车安全驾驶与驾考     索取号:U471.15/830         预约/预借

序号 登录号 条形码 馆藏地/架位号 状态 备注
1 1195630   211956301   第二样本阅览室/ [索取号:U471.15/830] 在馆    
2 1195631   211956310   第三借阅区/ [索取号:U471.15/830] 在馆    
3 1195632   211956329   第三借阅区/ [索取号:U471.15/830] 在馆    
4 1195633   211956338   第三借阅区/ [索取号:U471.15/830] 在馆    
唐山师范学院图书馆 欢迎您!
大连网信软件有限公司© 版权所有